Zosvetľovanie sekundárnych vlákien dizertačná práca

Gespeichert in:
Bibliographische Detailangaben
1. Verfasser: Kučerková, Lucia
Format: Buch
Sprache:Englisch
Veröffentlicht: Bratislava STU FCHPT 2013
Online-Zugang:Im OPAC anzeigen
Tags: Tag hinzufügen
Keine Tags, Fügen Sie das erste Tag hinzu!

MARC

LEADER 00000nam a2200000 a 4500
005 20260127134223.0
008 150219 000 0 eng d
035 |a vtls010655909 
039 9 |y 201502191419  |z mschk03 
040 |a STUSCHK1  |b slo  |c STUSCHK1  |e AACR2 
100 1 |a Kučerková, Lucia 
245 1 |a Zosvetľovanie sekundárnych vlákien  |b dizertačná práca  |c Lucia Kučerková 
260 |a Bratislava  |b STU FCHPT  |c 2013 
300 |a 161 s.  |b il.  |c 30 cm 
500 |a Študijný program: technológia polymérnych materiálov 
500 |a Študiný odbor: technológia makromolekulových látok 
500 |a Školiace pracovisko: Odd. chem. technológie dreva, celulózy a papiera 
910 |a SCHK95 
999 |c 7056  |d 7056